000 01022nas a2200301 4500
001 BR2013001887
003 BR-BrBNA
005 20231205122037.0
007 ta
008 230509b bl.|||p| |||| 00| 00por d
040 _aBR-BrBNA
_bpor
_cBiblioteca Nacional de Agricultura
041 _a(Pt)
072 _aQ04; Q70
100 1 _aRockenbach, I.I.
100 1 _aSilva, G.L. da
100 1 _aRodrigues, E.
100 1 _aKuskoski, E.M.
100 1 _aFett, R.
245 1 _aInfluência do solvente no conteúdo total de polifenóis, antocianinas e atividade antioxidante de extratos de bagaço de uva (Vitis vinifera)variedades Tannat e Ancelota
650 _aRESÍDUO
650 _aSUBPRODUTO
650 _aPROCESSAMENTO
650 _aOXIDAÇÃO
773 0 _tCiência e Tecnologia de Alimentos (Brazil)
_xISSN 1678-457X
_g(Dec 2008), V. 28(Suplemento) p. 238-244
_wBR2013001887
856 4 0 _uhttp://www.scielo.br/pdf/cta/v28s0/36.pdf
909 _a202311
_bLúcia
_c55
_dLúcia Elande
942 _2AGRIS
_n0
_cANA
999 _c226620
_d226620